Estado de derecho y reformas a la justicia

Shranjeno v:
Bibliografske podrobnosti
Glavni avtor: Cooper, James M (Author)
Format: Knjiga
Jezik:španščina
Izdano: Santiago Universidad de Chile 2005
Santiago GTZ 2005
Izdaja:1a. ed
Teme:
Oznake: Označite
Brez oznak, prvi označite!

MARC

LEADER 00000nam a2200000 a 4500
001 UCK7354
003 CL-VaPUC
008 051118e20050000cl |||||||||||||||||spa|d
082 0 4 |a 342.03  |b COO  |2 21 
100 0 |a Cooper, James M  |e author  |9 496884 
245 1 0 |a Estado de derecho y reformas a la justicia 
250 |a 1a. ed 
300 |a 638 p 
942 |c BK 
945 |d 20051118 00:00:00  |a cmena 
260 |a Santiago  |b Universidad de Chile  |c 2005 
260 |a Santiago  |b GTZ  |c 2005 
650 0 |a Derecho constitucional   |9 222588 
650 0 |a Estado de derecho  |9 257795 
650 0 |a Jurisprudencia  |9 255952 
650 0 |a Derecho comparado  |9 255664 
650 0 |a Reforma constitucional  |9 332804 
583 |a last modification  |c 20171220 02:13:08  |k Rodrigo Vera 
999 |c 315339  |d 315337 
952 |0 0  |1 0  |4 0  |6 342_030000000000000_COO_2005_2005  |7 0  |8 A  |9 388443  |a BIBDER  |b BIBDER  |d 2019-11-22  |i 4180917  |o 342.03 COO 2005 2005  |p 4180917  |r 2023-01-25  |w 2019-11-22  |y BK  |k DER